000 00323nam a22001337a 4500
008 210527b ||||| |||| 00| 0 eng d
041 _aeng
080 _a94
082 _a94
100 _a16
101 _aSHH
245 _aThe David A.Sayre History Symposium: Collected Lectures, 1985-1989
_cSimon,F.K
942 _2udc
_cBK
999 _c57680
_d57680